| 000 | 01494nam a2200277 a 4500 | ||
|---|---|---|---|
| 001 | ASIN1860646840 | ||
| 005 | 20170105102925.0 | ||
| 008 | 131211s2003 xxu eng d | ||
| 020 | _a1860646840 (paperback) | ||
| 020 | _a9781860646843 (paperback) | ||
| 040 | _a0 | ||
| 050 | 0 | 4 | _aBP173.7 |
| 082 | 0 | 4 |
_a320.550917671 _bKEP 2003 |
| 100 | 1 | _aKepel, Gilles. | |
| 245 | 1 | 0 |
_aJihad : _bthe trail of political islam / _cGilles Kepel. |
| 260 |
_a[S.l.] : _bI.B.Tauris, _c2003. |
||
| 300 | _a364 p. | ||
| 520 | _aThe late 20th century saw the emergence of an unexpected and extraordinary phenomenon culminating in a devastating onslaught on the West in 2001: Islamist political movements. Beginning in the early 1970s, militants revolted against the regimes in power across the Muslim world and exacerbated political conflicts internationally. Their jihad - or "Holy Struggle" - aimed to establish a global Islamic state based solely on a strict interpretation of the Qur'an. "Jihad" is a comprehensive attempt to follow the history and spread of this new political-religious phenomenon. Gilles Kepel has travelled throughout the Muslim world gathering documents, interviews and archival material inaccessible to most scholars. | ||
| 650 | 0 | _aIslam | |
| 650 | 0 | _aIslam and politics | |
| 650 | 0 | _aIslam and state | |
| 650 | 0 | _aIslamic fundamentalism | |
| 650 | 0 | _aJihad | |
| 856 | 4 | 0 |
_3Amazon.com _uhttp://www.amazon.com/exec/obidos/ASIN/1860646840/chopaconline-20 |
| 942 |
_2ddc _cBK |
||
| 999 |
_c15762 _d15762 |
||